| 000 | 00756nam a2200193 a 4500 | ||
|---|---|---|---|
| 005 | 20240920063908.0 | ||
| 008 | 991125s1979 mx 000 0 spa u | ||
| 035 | _aUPN01000031915 | ||
| 049 | _aCG | ||
| 050 | 4 |
_aHV8875 _bA5.5 |
|
| 100 | 1 | _aAngulo Villanueva, Rita Guadalupe | |
| 245 | 1 | 3 |
_aEl interno como asesor en un sistema de enseñanza abierta para adultos en reclusión / _cRita Gudalupe Angulo Villanueva. |
| 260 |
_aMéxico : _bR. G. Angulo Villanueva, _c1979. |
||
| 300 | _a44 h. | ||
| 500 | _aTrabajo escrito (Lic. en Pedagogía) -- Universidad Nacional Autónoma de México. Facultad de Filosofía y Letras. Colegio de Pedagogía, 1979 | ||
| 650 | 4 |
_aEducación de adultos _9956 |
|
| 650 | 4 |
_aPrisioneros _xEducación _91706 |
|
| 905 | _aLibro | ||
| 999 |
_c31915 _d31915 |
||